| 000 | 04541nam a22003377a 4500 | ||
|---|---|---|---|
| 001 | TIC 0033 | ||
| 003 | gtcocun | ||
| 005 | 20250922180000.0 | ||
| 006 | a||||gr|||| 00| 0 | ||
| 007 | ta | ||
| 008 | 250922b2024 gt ||||| m||| 00| 0 eng d | ||
| 040 |
_agtcocun _bSPA _cgtcocun _eRDA |
||
| 041 | _aSPA TIC 0033 | ||
| 084 | _0TIC 0033 | ||
| 100 |
_aJom Choc, Alejandro Anderson _eAutor |
||
| 245 |
_aINFORME FINAL DEL EJERCICIO PROFESIONAL SUPERVISADO REALIZADO EN LA MUNICIPALIDAD DE TACTIC, ALTA VERAPAZ./ _cAlejandro Anderson Jom Choc. _hImpreso |
||
| 264 |
_aCobán, Alta Verapaz: _bUniversidad de San Carlos de Guatemala, Centro Universitario del Norte, Ingeniería Civil _c2024 |
||
| 300 |
_a193 p.: _bIlustraciones, gráficas. _c28 cm; |
||
| 300 | _cPDF | ||
| 336 |
_2rdacontenido _aTexto _btxt |
||
| 337 |
_2rdamedio _aComputadora _bn |
||
| 338 |
_2rdasoporte _aCódigo en línea _bcr |
||
| 502 | _eTIC 0033 | ||
| 502 |
_aTesis de grado _bIngeniería Civil, _cUniversidad de San Carlos de Guatemala, Centro Universitario del Norte, Ingeniería Civil _d2024 _oTIC 0033 |
||
| 520 | 1 | 4 | _aEl Ejercicio Profesional Supervisado EPS de la carrera de Ingeniería Civil se desarrolló en la municipalidad de Tactic, del departamento de Alta Verapaz, en el cual se ejecutó diferentes planificaciones para la elaboración del presente informe los cuales se titulan diseño de apertura de camino rural, Caserío Sambel II, diseño de sistema de agua potable, Caserío El Astillero y diseño de apertura de camino rural, Caserío Nuevo San Julián, estos del municipio de Tactic, Alta Verapaz. El trabajo está conformado por la fase de investigación la cual contiene información acerca de la monografía del municipio y la fase de asistencia técnica para los proyectos donde se realizó la intervención. Además, se realizó diferentes actividades para los proyectos antes mencionados donde se tomó en cuenta los requisitos y normas de construcción vigentes, esto desarrollado durante el tiempo de ejecución del EPS, las actividades se mencionan a continuación: Se realizó el levantamiento topográfico del área donde se intervendrá los proyectos de los caminos rurales y del sistema de agua potable, esto con el fin de obtener datos de altimetría y planimetría para sus debidos diseños. Para los proyectos de apertura de camino rural, se realizó el estudio del suelo y del banco de balasto para conocer sus características que servirán para la ejecución del proyecto. El diseño se basó mediante las normas del manual de la Dirección General de Caminos DGC, donde se cumplió las normas y características para el diseño de caminos rurales como lo son la velocidad de diseño por medio del tipo de terreno, valores mínimos para el diseño de curvas horizontales y curvas verticales, pendiente máxima, espesor de la carpeta de rodadura y la determinación de taludes conforme a la altura del corte y del relleno al momento del diseño. Además, para estos proyectos se diseñó el drenaje longitudinal y transversal que ayuda al desfogue del agua pluvial para evitar daños a la carpeta de rodadura. Para el proyecto del sistema de agua potable se realizó el estudio del suelo mediante la extracción de una muestra inalterada de suelo por medio del método de cielo abierto, para obtener sus propiedades físicas y mecánicas. Asimismo, se realizó el estudio físico químico y bacteriológico del agua que abastecerá a la comunidad para conocer la calidad de agua del nacimiento. El diseño se basó por medio de especificaciones y recomendaciones técnicas del Instituto de Fomento Municipal INFOM y la Unidad Ejecutora del Programa de Acueductos Rurales UNEPAR, el cual establece los requerimientos para el diseño de la línea de conducción y distribución del sistema como lo son la dotación, el caudal, factores de consumo, velocidades, presiones dentro del sistema y condiciones para el diseño del tanque de distribución para obtener un buen funcionamiento del proyecto. Se elaboró cada uno de los planos, especificaciones técnicas, presupuesto y cronogramas de ejecución que son necesarios para los proyectos. |
| 650 |
_2LEMB _aTáctic, Alta Verapaz _xIngeniería _xApertura _xProyecto _xDiseño _xCamino _xSistema |
||
| 700 |
_aInga. Civil Sindry Yaneth Pacay Morales _eAsesor |
||
| 856 |
_uhttps://drive.google.com/file/d/1ua9PnnL2_ehbZ0qh6capg64mpZYjQN0D/view _yPDF _zUn ejemplar en línea. |
||
| 942 |
_2ddc _cTES _iTIC 0033 _kClasificación _n0 _6TIC_0033_000000000000000 |
||
| 999 |
_c2055 _d2055 |
||